LEADER 03861nam 22007092 450 001 9910458208503321 005 20151005020624.0 010 $a1-107-18064-3 010 $a1-281-24345-0 010 $a9786611243456 010 $a0-511-79058-9 010 $a0-511-37802-5 010 $a0-511-37714-2 010 $a0-511-37620-0 010 $a0-511-37467-4 010 $a0-511-37891-2 035 $a(CKB)1000000000401425 035 $a(EBL)328922 035 $a(OCoLC)648364076 035 $a(SSID)ssj0000181382 035 $a(PQKBManifestationID)11167548 035 $a(PQKBTitleCode)TC0000181382 035 $a(PQKBWorkID)10165890 035 $a(PQKB)10228978 035 $a(UkCbUP)CR9780511790584 035 $a(MiAaPQ)EBC328922 035 $a(Au-PeEL)EBL328922 035 $a(CaPaEBR)ebr10221511 035 $a(CaONFJC)MIL124345 035 $a(OCoLC)227339153 035 $a(EXLCZ)991000000000401425 100 $a20100611d2008|||| uy| 0 101 0 $aeng 135 $aur||||||||||| 181 $ctxt$2rdacontent 182 $cc$2rdamedia 183 $acr$2rdacarrier 200 10$aInternational justice in Rwanda and the Balkans $evirtual trials and the struggle for state cooperation /$fVictor Peskin$b[electronic resource] 210 1$aCambridge :$cCambridge University Press,$d2008. 215 $a1 online resource (xxi, 272 pages) $cdigital, PDF file(s) 300 $aTitle from publisher's bibliographic system (viewed on 05 Oct 2015). 311 $a0-521-12912-5 311 $a0-521-87230-8 320 $aIncludes bibliographical references (p. 259-262) and index. 327 $aInternational war crimes tribunals and the politics of state cooperation -- Slobodan Milos?evic? and the politics of state cooperation -- International justice and Serbia's troubled democratic transition -- Franjo Tu?man and the politics of international justice -- The politics of state cooperation in Croatia's democratic era -- Rwanda virtual trials, international justice, and the politics of shame -- The struggle to create the international criminal tribunal for Rwanda -- "Trials of cooperation" and the battles for Karamira and Barayagwiza -- Investigating Rwandan patriotic front atrocities and the politics of bearing witness -- Victor's justice revisited : the prosecutor vs. Kagame -- Thepresent and future of international criminal justice. 330 $aToday's international war crimes tribunals lack police powers, and therefore must prod and persuade defiant states to co-operate in the arrest and prosecution of their own political and military leaders. Victor Peskin's comparative study traces the development of the capacity to build the political authority necessary to exact compliance from states implicated in war crimes and genocide in the cases of the International War Crimes Tribunals for the former Yugoslavia and Rwanda. Drawing on 300 in-depth interviews with tribunal officials, Balkan and Rwandan politicians, and Western diplomats, Peskin uncovers the politicized, protracted, and largely behind-the-scenes tribunal-state struggle over co-operation. 517 3 $aInternational Justice in Rwanda & the Balkans 606 $aCriminal justice, Administration of$xInternational cooperation 606 $aInternational criminal courts 607 $aSerbia$xPolitics and government 607 $aCroatia$xPolitics and government 607 $aRwanda$xHistory$yCivil War, 1994$xAtrocities 615 0$aCriminal justice, Administration of$xInternational cooperation. 615 0$aInternational criminal courts. 676 $a341.6/9 700 $aPeskin$b Victor$f1967-$01027881 801 0$bUkCbUP 801 1$bUkCbUP 906 $aBOOK 912 $a9910458208503321 996 $aInternational justice in Rwanda and the Balkans$92443595 997 $aUNINA LEADER 03437nam 22006615 450 001 9910377824703321 005 20251230061551.0 010 $a981-13-3498-6 024 7 $a10.1007/978-981-13-3498-6 035 $a(CKB)4100000010348570 035 $a(DE-He213)978-981-13-3498-6 035 $a(MiAaPQ)EBC6040138 035 $a(PPN)242977251 035 $a(EXLCZ)994100000010348570 100 $a20200204d2020 u| 0 101 0 $aeng 135 $aurnn|008mamaa 181 $ctxt$2rdacontent 182 $cc$2rdamedia 183 $acr$2rdacarrier 200 10$a17th International Conference on Electrical Bioimpedance $eICEBI 2019, Joinville, Santa Catarina, Brazil, 9-14 June 2019 /$fedited by Pedro Bertemes-Filho 205 $a1st ed. 2020. 210 1$aSingapore :$cSpringer Nature Singapore :$cImprint: Springer,$d2020. 215 $a1 online resource (XXXVI, 222 p. 87 illus., 59 illus. in color.) 225 1 $aIFMBE Proceedings,$x1433-9277 ;$v72 311 08$a981-13-3497-8 327 $aDesign and Integration of Electrical Bio-impedance Sensing in a Bipolar Forceps for Soft Tissue Identification: A Feasibility Study -- Influence of Measurement Pattern on RAW-data in Electrical Impedance Tomography -- Hardware Setup for Bioimpedance Spectroscopy in Bandages -- Selection of Cole Model Bio-impedance Parameters for the Estimation of the Ageing Evolution of Apples -- Biosensor based on Carbon Nanocomposites for Detecting Glucose Concentration -- The Effect of Calf Adipose Tissue Thickness on the Estimation of Resistance by the Cole Model -- A Short Review of Membrane Models for Cells Electroporation. 330 $aThis book gathers the proceedings of the 17th International Conference on Electrical Bioimpedance (ICEBI 2019), held on June 9-14, in Joinville, Santa Catarina, Brazil. The chapters cover the latest knowledge and developments concerning: sensors and instrumentation to measure bioimpendance, bioimpedance imaging techniques, theory and modeling and bioimpendance, as well as cutting-edge clinical applications of bioimpendance. All in all, this book provides graduate students and researchers with an extensive and timely snapshot of current research and challenges in the field of electrical bioimpendance, and a source of inspiration for future research and cross-disciplinary collaborations. 410 0$aIFMBE Proceedings,$x1433-9277 ;$v72 606 $aBiomedical engineering 606 $aMedical physics 606 $aRadiology 606 $aBioinformatics 606 $aBiomaterials 606 $aBiomedical Engineering and Bioengineering 606 $aMedical Physics 606 $aRadiology 606 $aComputational and Systems Biology 606 $aBiomaterials 615 0$aBiomedical engineering. 615 0$aMedical physics. 615 0$aRadiology. 615 0$aBioinformatics. 615 0$aBiomaterials. 615 14$aBiomedical Engineering and Bioengineering. 615 24$aMedical Physics. 615 24$aRadiology. 615 24$aComputational and Systems Biology. 615 24$aBiomaterials. 676 $a610.284 702 $aBertemes-Filho$b Pedro$4edt$4http://id.loc.gov/vocabulary/relators/edt 801 0$bMiAaPQ 801 1$bMiAaPQ 801 2$bMiAaPQ 906 $aBOOK 912 $a9910377824703321 996 $a17th International Conference on Electrical Bioimpedance$91921228 997 $aUNINA